000 00515nam a2200181Ia 4500
005 20250508150531.0
008 008 250505s9999 xx 000 0 eng d
037 _aTextual
040 _aFEDL
_beng
_cFEDL
041 _aeng
_2eng
084 _a371.74, WEB
_qFEDL
100 _aWebster F A M
_9756957
245 0 _aAthletics : Teaching and training
260 _aLondon, UK
_bSir Isaac Pitman and Sons Ltd
_c1948
300 _axiv,241p
942 _cTEXL
_h371.74, WEB
999 _c1324139
_d1324139